000 01891ngm a22003970a 4500
001 PT56721
003 AR-LpoUNG
005 20210202000059.0
007 vd cvaizq
008 191001s2005||||xxc|||||||||||||||||eng d
040 _aAR-LpoUNG
_bspa
_cAR-LpoUNG
_eaacr
041 _aeng
_aspa
044 _axxc
082 0 _a931.12 613gue
100 1 _aAnnaud, Jean-Jacques
_edir.
245 1 3 _aLa guerra del fuego
260 _a[Otawa] :
_bInternational Cinema of Canada,
_c2005.
300 _aDVD : son., col.
505 0 _aHecha en 1981. Guión : Gérard Brach. Música: Philiphe Sarde. Fotografía: Claude Agostini. Calificación: SAM 13
520 _aLa acción transcurre hace unos 80.000 años, cuando una tribu prehistórica sufre el ataque de otro grupo. Como consecuencia, debe abandonar la cueva en la que habita y pierde el control del fuego. Dado que el grupo no conoce el modo de producir fuego, se ve obligado a conseguirlo en otro sitio. Entonces, el anciano de la tribu asigna a tres de sus integrantes la misión de obtener un nuevo fuego. Pero esta búsqueda estará signada por la lucha contra un grupo de antropófagos y por el conocimiento que atesora una mujer. Ella con- ducirá a los exploradores hasta su propia tribu, donde les revelará la técnica practicada por su grupo para la elaboración del fuego. Final- mente, los buscadores volverán a su tribu de origen para aportar no sólo el nuevo fuego sino también la técnica para su producción.
650 4 _aASPECTOS ECONOMICOS
650 4 _aCREENCIA
650 4 _aDRAMA
650 4 _aHOMBRE
650 4 _aMEDIO AMBIENTE
650 4 _aRELACIONES HUMANAS
650 4 _aSOCIEDAD
651 4 _aDOCUMENTOS TEORICOS O METODOLOGICOS
653 _aDOCUMENTALES
653 _aDVD
653 _aEVOLUCION
653 _aHOMINIZACION
653 _aVIDEOS
905 _a56721
942 _cDVD
999 _c54088
_d54088